Logo

Description automatically generated
विद्यार्जन
 संसाधन केंद्र, भारतीय प्रौद्योगिकी संस्थान इन्दौर
Learning Resource Center, Indian Institute of Technology Indore

ऑनलाइन सार्वजनिक अभिगम प्रसूची
Online Public Access Catalogue (OPAC)

The new Pelican guide to English literature : Vol. I, part 2, Medieval literature : the European inheritance (Record no. 57270)

MARC details
000 -LEADER
fixed length control field 00616nam a2200193Ia 4500
005 - DATE AND TIME OF LATEST TRANSACTION
control field 20260629163253.0
008 - FIXED-LENGTH DATA ELEMENTS--GENERAL INFORMATION
fixed length control field 260629s9999||||xx |||||||||||||| ||und||
020 ## - INTERNATIONAL STANDARD BOOK NUMBER
International Standard Book Number 140222723
Qualifying information pbk
020 ## - INTERNATIONAL STANDARD BOOK NUMBER
International Standard Book Number 9780140222722
Qualifying information pbk
082 ## - DEWEY DECIMAL CLASSIFICATION NUMBER
Classification number 820.9
Item number FOR.v.1
100 ## - MAIN ENTRY--PERSONAL NAME
Personal name Ford, Boris [ed.]
245 #4 - TITLE STATEMENT
Title The new Pelican guide to English literature : Vol. I, part 2, Medieval literature : the European inheritance
260 ## - PUBLICATION, DISTRIBUTION, ETC.
Place of publication, distribution, etc. London
Name of publisher, distributor, etc. Penguin Books
Date of publication, distribution, etc. 1984
300 ## - PHYSICAL DESCRIPTION
Extent 626p. ; 18cm.
490 ## - SERIES STATEMENT
Volume/sequential designation Vol.1
653 ## - INDEX TERM--UNCONTROLLED
Uncontrolled term English literature--History and criticism
653 ## - INDEX TERM--UNCONTROLLED
Uncontrolled term Great Britain--Intellectual life
942 ## - ADDED ENTRY ELEMENTS (KOHA)
Koha item type Book
Holdings
Withdrawn status Lost status Damaged status Not for loan Home library Current library Shelving location Date acquired Source of acquisition Total Checkouts Full call number Barcode Date last seen Price effective from Koha item type
        LRC, IIT Indore LRC, IIT Indore 2nd Floor - General Stack 29/06/2026 Gratis Book Price: GBP 4.99   820.9 FOR.v.1 G2495 29/06/2026 29/06/2026 Book
Copyright © 2017-2026 Indian Institute of Technology Indore. All Rights Reserved.
Managed & maintained by Learning Resource Center, IIT Indore